000 00809nmm a2200265 a 4500
001 ocm000882973
003 TR-IsHL
005 20201028153354.0
008 140311s2009 tu tur
007 cr cn
020 _a9786054160051
035 _a882973
_b(N$T)
050 0 4 _aHB180.T8
_bA59 2009
090 0 4 _aHB180.T8
_bA59 2009
100 1 _aAkyüz, Yılmaz
245 1 0 _aSermaye bölüşüm büyüme
_h[electronic resource] /
_cYılmaz Akyüz
260 _aİstanbul :
_bEfil Yayınevi,
_c2009
300 _a680 p.
650 4 _aEkonomi ve Finans
650 4 _aEconomics and Finance
650 0 _aEkonomi
650 0 _aEconomy
650 7 _aBUSINESS & ECONOMICS / General
_2bisacsh
856 4 0 _uhttp://search.ebscohost.com/login.aspx?direct=true&scope=site&db=e011xww&AN=882973
999 _c12014
_d12014